The Revelation of St. John: (Record no. 17066)

000 -LEADER
fixed length control field 00689nam a2200205 a 4500
001 - CONTROL NUMBER
control field :::00020748$&:&@@
003 - CONTROL NUMBER IDENTIFIER
control field OkBaRHE
005 - DATE AND TIME OF LATEST TRANSACTION
control field 20030407140029.0
008 - FIXED-LENGTH DATA ELEMENTS--GENERAL INFORMATION
fixed length control field s1969 j 000 0 eng u
040 ## - CATALOGING SOURCE
Transcribing agency
100 1# - MAIN ENTRY--PERSONAL NAME
Personal name Morris, Leon, 1914-
245 14 - TITLE STATEMENT
Title The Revelation of St. John:
Remainder of title an introduction and commentary.
250 ## - EDITION STATEMENT
Edition statement [1st ed.]
260 ## - PUBLICATION, DISTRIBUTION, ETC. (IMPRINT)
Place of publication, distribution, etc Grand Rapids, MI., :
Name of publisher, distributor, etc Eerdmans
Date of publication, distribution, etc 1969
300 ## - PHYSICAL DESCRIPTION
Extent 263 p. ;
Dimensions 21 cm.
490 0# - SERIES STATEMENT
Series statement The Tyndale New Testament commentaries, v. 20.
650 ## - SUBJECT ADDED ENTRY--TOPICAL TERM
Topical term or geographic name as entry element Bible New Testament Revelation
General subdivision Commentaries
942 ## - ADDED ENTRY ELEMENTS (KOHA)
Source of classification or shelving scheme
Koha item type Books
Copies
Source of classification or shelving scheme Lost status Koha item type Shelving location Permanent Location Damaged status Not for loan Date last seen Copy number Full call number Withdrawn status Price effective from Date acquired Barcode
  BooksGeneral StacksRHEMA Bible Training College  2018-04-031BS 2825.3 .M67 2010-04-142010-04-1420748